000 00553nam a2200181 a 4500
003 BD-DhJNU
005 20250713090938.0
020 _a030772451
040 _aBD-DhJNU
_bENG
_cBD-DhJNU
_dBD-DhJNU
082 _a322.4 DUC
_223
100 _aDuchacek, Ivo D.
245 _aComparative federalism :
_bthe territorial dimension of politics /
_cIvo D Duchacek
260 _aNew York :
_bHolt, Rinehart and winston,
_c1970.
300 _a370 p. :
_bill. ;
_c27 cm.
504 _aIncludes bibliographical references and index.
650 _afederalism
942 _cBK
999 _c1886
_d1886